000 00645cam a2200217 4500
001 ABS61958
008 000000n2000 000 0 eng u
035 _a(Sirsi) u104550
245 _aInternet plays major role in company's business objectives
260 _c2000
490 _aCSM (Chartered Surveyor Monthly)
_vFebruary 2000 24-25(2)
520 _aDescribes how Glaxo Wellcome is using IT to facilitate information sharing.
590 _aABS
650 _aGLAXO WELLCOME
650 _aINFORMATION
650 _aE-MAIL
650 _aTEAMWORKING
650 _aWORK SPACE
690 _aINFORMATION TECHNOLOGY-INTERNET
942 _n0
999 _c62737
_d62737